[Event "40th Plunge Open-A 2020"]
[Site "Plunge"]
[Date "2020.07.19"]
[Round "9.10"]
[White "Bagvilas, Lukas"]
[Black "Simkunaite, Gabija"]
[Result "1-0"]
[WhiteElo "1907"]
[BlackElo "1871"]
[Annotator "TA"]
[PlyCount "77"]
[EventDate "2020.07.13"]
[EventType "swiss"]
[EventCountry "LTU"]
[SourceTitle "playchess.com"]
[Source "ChessBase"]
[SourceQuality "1"]

{[%evp 16,77,0,0,10,-20,-20,-47,0,0,-7,-16,-12,-15,-12,-17,0,0,0,0,0,0,8,0,3,-39,-30,-33,-22,-39,-31,-36,27,47,93,93,93,89,106,101,139,134,195,100,137,139,262,256,259,253,492,518,499,425,500,382,423,418,415,415,493,472,479,472]} 1. e4 c5 2. Nc3 e6 3. g3 d5 4. Bg2 d4 5. Nce2 Nc6 6. d3 Bd6 7. f4 f6 8. Nf3 Nge7 9. O-O e5 {B23: Closed Sicilian: Lines without g3.} 10. fxe5 (10. c3 {is interesting.} O-O 11. f5 dxc3 12. bxc3 b6 13. Be3) 10... Nxe5 11. Nxe5 Bxe5 {Black is slightly better.} (11... fxe5 {with more complications.} 12. c3 Bg4 13. Bf3 Be6 14. Bh5+ g6) 12. Nf4 O-O {[#]} 13. b3 $146 ({Predecessor:} 13. c4 Rb8 14. a4 Nc6 15. Bd2 b6 16. Nd5 Be6 17. Rb1 a5 18. Qh5 Qd7 19. Qe2 {½-½ (46) Porth,H (2093)-Hochgraefe,M (2413) Hamburg 2018}) 13... Bd7 14. a4 Qc8 15. Qh5 Bg4 16. Bh3 $1 {[%cal Rh3g4]} Bxh5 17. Bxc8 Raxc8 18. Nxh5 g6 19. Nf4 f5 20. Ba3 fxe4 21. dxe4 d3 22. Rac1 $1 Bd4+ 23. Kg2 d2 (23... Be3 $15 24. cxd3 Bxc1 25. Rxc1 Kf7) 24. Rcd1 $11 Bc3 25. Ne2 Rxf1 26. Kxf1 Ba5 {[#]} 27. c3 $1 Rd8 28. Bxc5 {[%mdl 64] Double Attack} Nc6 {[#]} (28... Nc8 $16 29. Nf4 Bxc3) 29. Be3 ({White should play} 29. b4 $1 $18) 29... Rd3 30. Bxd2 Ne5 (30... Bb6 $16 {was worth a try.}) 31. Nf4 $18 Rf3+ 32. Ke2 Bxc3 $2 (32... Bb6 33. Nh3 Rf8) 33. Be3 g5 34. Rd8+ Kf7 35. Nd3 {Nxe5+ is the strong threat.} g4 36. Nxe5+ Bxe5 37. Rd7+ {[%mdl 64] Double Attack} Kg6 38. Rxb7 a5 39. Rb5 {Accuracy: White = 76%, Black = 52%.} 1-0